Statistics for U.S. State Capitals Furthest from the Sea

Click here to take the quiz!

General Stats

  • This quiz has been taken 19,019 times
  • The average score is 7 of 10

Answer Stats

miCapital% Correct
744Denver
86%
778Bismarck
79%
768Lincoln
76%
930Pierre
75%
809Des Moines
74%
641Topeka
74%
825Cheyenne
72%
730Saint Paul
68%
635Springfield
67%
705Madison
59%

Score Distribution

Percentile by Number Answered

Percent of People with Each Score

Your Score History

You have not taken this quiz